000 00451 a2200181 4500
999 _c12009
_d12009
003 OSt
005 20231117122814.0
008 231117b ||||| |||| 00| 0 eng d
020 _a9783037784976
040 _aBMSCA
041 _aeng.
082 _223
_a727.5
_bFIS
100 _aFishman, Mark
245 _aLAB Building a Home for Scientists
260 _bLars Muller Publishers;
_c2017,
_aGermany.
300 _a363p.:
_c24.38 cm.
942 _2ddc